000 01591nam a22003737a 4500
001 0042971
003 KOHA_MİRAKIL
005 20260207003331.0
007 ta
008 130730b2004 tu a|||gr||||#||||0|tur |
020 _a9750502906
020 _a9789750502903
040 _aTR-BiSEU
_btur
_cTR-BiSEU
_erda
041 0 _atur
044 _ctu
050 _aAM79.T8
_bS53 2004
100 1 _aShaw, Wendy M. K..
240 1 0 _aPossessors and possessed : museums, archaeology, and the visualization of history in the late Ottoman Empire
_lTürkçe
245 1 _aOsmanlı müzeciliği :
_b müzeler, arkeoloji ve tarihin görselleştirilmesi =
_b Possessors and possessed :
_b museums, archaeology, and the visualization of history in the late Ottoman Empire/
_cWendy M. K. Shaw ; Wendy M.K. Shaw ; çeviren Esin Soğancılar..
264 1 _aİstanbul :
_bİletişim
_c2004
300 _a339 sayfa :
_bresmli ;
_c20 cm.
336 _ametin
_btxt
_2rdacontent
337 _aaracısız
_bn
_2rdamedia
338 _acilt
_bnc
_2rdacarrier
490 1 _aİletişim yayınları ;
_v1046.
490 1 _a Sanathayat dizisi ;
_v5
500 _aTranslation of : Possessors and possessed : museums, archaeology, and the visualization of history in the late Ottoman Empire.
500 _aIncludes bibliographical references (p. 321-333) and index.
650 0 _aMuseums--Turkey--History.
_979622
650 0 _aMuseums--Collection management--Turkey--History.
_979950
830 1 _aİletişim yayınları ;
_v1046.
_92528
830 1 _a Sanathayat dizisi ;
_v5
_979951
942 _2lcc
_cBK
999 _c42793
_d42793